000 00473nam a2200181Ia 4500
005 20250326141312.0
008 250326s9999 xx 000 0 und d
037 _aTextbook
040 _aFMSL
_beng
_cFMSL
041 _aeng
_2eng
084 _qFMSL
100 _ada S.k. Ed.
_9744116
245 0 _aWagess and perquisites analysis
_cda S.k. Ed.
260 _aBombay
_bBombay, solar foundation.
_c1994
300 _a254p
942 _cTB
999 _c1289674
_d1289674